01672cam a22003254i 4500003000900000005001700009008004100026020001800067035002700085040003300112082002400145100003200169245007700201264005600278300006200334336002100396337002500417338002300442505061100465526000901076526000901085526000801094526000801102526000801110541001701118650005101135650005701186650004801243650005501291PE-LiUPU20250731183422.0150625s2007 pe a r 000 0 spa d a9789972451959 a(Sirsi) i9789972451959 aPE-LiUPUbspacPE-LiUPUerda04a791.430985bC262211 aCarbone, Giancarlo,eautor.13aEl cine en el Perú :bel cortometraje: 1972-1992 /cGiancarlo Carbone. 1aLima :bFondp Editorial Universidad de Lima,c2007. a221 páginas :bilustraciones, fotos ;c25 centímetros atext2rdacontent aunmediated2rdamedia avolume2rdacarrier0 aLa ley de Cine. -El cineasta debe tener criterio empresarial. -La Ley de Cine: Un hito histórico. -El cortometraje permite un mayor conocimiento del ser humano. -Hacer cine consiste solo en hacer películas. -Ser documentalista es un privilegio fantástico. -La Clave está en decirlo con humor. -Filmar la poesía. -Para hacer cine de género se necesita una producción induatrial continua. -El cine nacional requiere una película fundadora. -A más crisis más cultura. -Hacer cine contra viento y marea. -El cortometraje será una pieza de museo. -Los laberintos del género fantástico. aP158 aP146 aP17 aP12 aP06 g001-0029256;04aCine peruanoxHistoria y críticay1972-1992.04aCine peruanoy1972-1992xProducción y dirección.04aCortometrajeszPerúxHistoriay1972-1992.04aPelículas cinematográficaszPerúy1972-1992.